书目信息 |
| 题名: |
故障电弧检测技术与应用
|
|
| 作者: | 卢其威 著 | |
| 分册: | ||
| 出版信息: | 北京 电子工业出版社 2021.4 |
|
| 页数: | 204页 | |
| 开本: | 24cm | |
| 丛书名: | ||
| 单 册: | ||
| 中图分类: | TM501 | |
| 科图分类: | ||
| 主题词: | 电器--电弧--检测 | |
| 电子资源: | ||
| ISBN: | 978-7-121-39052-4 | |
| 000 | 01383nam0 2200277 45 | |
| 001 | 012001002032 | |
| 005 | 20140913093020.0 | |
| 010 | @a978-7-121-39052-4@dCNY89.00 | |
| 100 | @a20200703d2020 em y0chiy50 ea | |
| 101 | 0 | @achi |
| 102 | @aCN@b110000 | |
| 105 | @aak az 000yy | |
| 106 | @ar | |
| 200 | 1 | @a故障电弧检测技术与应用@Agu zhang dian hu jian ce ji shu yu ying yong@b专著@f卢其威著 |
| 210 | @a北京@c电子工业出版社@d2021.4 | |
| 215 | @a204页@c图@d24cm | |
| 300 | @a并列题名:Fault Arc detection technology and application | |
| 312 | @a封面有并列英文题名:Fault Arc detection technology and application | |
| 320 | @a有书目(第193-204页) | |
| 330 | @a在交直流供电系统中,故障电弧是引起电气火灾的重要因素之一。近些年,中国、国际电工技术委员会及美国均发布了相关产品标准。故障电弧的检测技术已成为学术研究热点方向之一。本书总结了故障电弧的一些特点及故障电弧的检测方法,同时对几个主要的故障电弧检测产品标准进行了对比分析。全书共8章。第1章为绪论;第2章介绍了电弧的物理特性及电弧模型;第3章介绍了不同负载下交流故障电弧对线路电流的影响;第4章介绍了基于线路电流高频分量及随机性的故障电弧检测;第5章介绍了基于小波变换和奇异值分解的串联故障电弧检测方法。 | |
| 510 | 1 | @aFault Arc detection technology and application@zeng |
| 606 | 0 | @a电器@x电弧@x检测 |
| 690 | @aTM501@v5 | |
| 701 | 0 | @a卢其威@Alu qi wei@4著 |
| 801 | 0 | @aCN@bBJSDL@c20211011 |
| 905 | @b1338176-9@dTM501@e56@f4 | |
| 故障电弧检测技术与应用/卢其威著.-北京:电子工业出版社,2021.4 |
| 204页:图;24cm |
| 并列题名:Fault Arc detection technology and application |
| ISBN 978-7-121-39052-4:CNY89.00 |
| 在交直流供电系统中,故障电弧是引起电气火灾的重要因素之一。近些年,中国、国际电工技术委员会及美国均发布了相关产品标准。故障电弧的检测技术已成为学术研究热点方向之一。本书总结了故障电弧的一些特点及故障电弧的检测方法,同时对几个主要的故障电弧检测产品标准进行了对比分析。全书共8章。第1章为绪论;第2章介绍了电弧的物理特性及电弧模型;第3章介绍了不同负载下交流故障电弧对线路电流的影响;第4章介绍了基于线路电流高频分量及随机性的故障电弧检测;第5章介绍了基于小波变换和奇异值分解的串联故障电弧检测方法。 |
| ● |
| 相关链接 |
|
|
|
|
正题名:故障电弧检测技术与应用
索取号:TM501/56
 
预约/预借
| 序号 | 登录号 | 条形码 | 馆藏地/架位号 | 状态 | 备注 |
| 1 | 1338176 | 213381767 | 第二样本阅览室/ [索取号:TM501/56] | 在馆 | |
| 2 | 1338177 | 213381776 | 第三借阅区/ [索取号:TM501/56] | 在馆 | |
| 3 | 1338178 | 213381785 | 第三借阅区/ [索取号:TM501/56] | 在馆 | |
| 4 | 1338179 | 213381794 | 第三借阅区/ [索取号:TM501/56] | 在馆 |